KOHA-Header-6

مشہور لوگوں کی عظیم مائیں (Record no. 13627)

000 -LEADER
fixed length control field 00294nam a22001097a 4500
082 ## - DEWEY DECIMAL CLASSIFICATION NUMBER
Classification number 891.4393
100 ## - MAIN ENTRY--AUTHOR NAME
Personal name مقبول ارشد
245 ## - TITLE STATEMENT
Title مشہور لوگوں کی عظیم مائیں
260 ## - PUBLICATION, DISTRIBUTION, ETC. (IMPRINT)
Place of publication لاہور
Name of publisher حق پبلیکیشنز
Year of publication ٢٠٠٤
300 ## - PHYSICAL DESCRIPTION
Number of Pages ٣٢٤ صفحات
942 ## - ADDED ENTRY ELEMENTS (KOHA)
Koha item type Books
Holdings
Withdrawn status Lost status Collection code Permanent Location Current Location Shelving location Date acquired Full call number Accession Number Koha item type
    Urdu Literature MAJU MAJU Shelf No.A11 2022-12-23 891.4393 10711 Books

Powered by Koha